Statistics for Countrys to host a Formula 1 Grand Prix

Click here to take the quiz!

General Stats

  • This quiz has been taken 59 times
  • The average score is 29 of 34

Answer Stats

Country% Correct
United States
100%
Canada
98%
Germany
98%
Australia
96%
Austria
94%
Belgium
92%
China
92%
Japan
92%
Russia
92%
Spain
92%
Netherlands
90%
Brazil
88%
France
88%
Mexico
88%
Argentina
87%
Italy
87%
Saudi Arabia
85%
United Kingdom
85%
Bahrain
83%
Hungary
83%
Qatar
83%
Azerbaijan
81%
India
81%
Sweden
81%
Monaco
79%
Switzerland
79%
Turkey
79%
United Arab Emirates
77%
Portugal
75%
Malaysia
73%
Singapore
73%
South Africa
73%
South Korea
71%
Morocco
56%

Score Distribution

Percentile by Number Answered

Percent of People with Each Score

Your Score History

You have not taken this quiz